000 00817nam a22002777a 4500
001 21792
003 UA-OsUOA
005 20220603101141.0
007 ta
008 20031213b un ||||| |||| 00| 0 ukr d
020 _a5-7035-0340-Х
040 _aUA-OsUOA
_brus
_cUA-OsUOA
_dUA-OsUOA
041 _arus
044 _aRU
080 _a004.4
090 _a004.4
_bП54
100 _aПоляков Д. Б.
245 _aПрограммирование в среде Турбо Паскаль (версия 5.5)
_bсправочно-методическое пособие
260 _aМосква
_bМАИ
_c1992
300 _a576 с.
650 7 _2UDC
700 _aКруглов И.Ю.
942 _cBK
_2udc
955 _a0
999 _c307999
_d307999